Biblioteka Instytutu Północnego w Olsztynie

Widok standardowy Widok MARC

Pozycja Personal Name

Liczba rekordów, w których użyto hasła: 1

001 - Numer kontrolny

  • control field: 39730

003 - Identyfikator numeru kontrolnego

  • control field: NUKAT

005 - Data i czas ostatniej modyfikacji

  • control field: 20260409105420.0

008 - Dane kontrolne kodowane (40 znaków)

  • fixed length control field: 121213n||a|znnaabn |a aaa |c

010 ## - Numer kontrolny Biblioteki Kongresu

  • numer kontrolny LC: n 2012255756

024 7# - OTHER STANDARD IDENTIFIER

  • Standard number or code: 311345969
  • Source of number or code: viaf

040 ## - Instytucja sporządzająca rekord

  • inst. przygot. dane do rek. khw: KR U/SM
  • język haseł przedmiotowych/tezaurus: kaba
  • inst. wprow. rek. khw: KR U/SM

100 1# - Hasło - nazwa osobowa

  • nazwa osobowa w formie ujednoliconej: Tarasiuk, Stefan
  • daty biograficzne: (1916-1996).

670 ## - Źródło informacji

  • źródło informacji: Kp. "Bądźcie trzeźwi i czuwajcie" : kapłan-duszpasterz, katecheta-wychowawca w akcji trzeźwości / Stefan Tarasiuk. - Olsztyn, 1968.

670 ## - Źródło informacji

  • źródło informacji: BNPol online

670 ## - Źródło informacji

  • źródło informacji: Dom Misyjny Księży Werbistów, 13.12.2012
  • adres internetowy: http://svdgg.republika.pl/nowa/rip/zm_tarasiuk_stefan.html
Biblioteka Instytutu Północnego, ul. Partyzantów 87, 10-402 Olsztyn, email: biblioteka(at)ip.olsztyn.pl